00573 a2200181 4500003000400000005001700004008004100021020001800062040000900080082001900089100002000108245002500128260003900153300000900192942004400201952012900245999001700374OSt20231218142020.0231218b |||||||| |||| 00| 0 eng d a9789350000809 coclc a891.433bPRE/K aPremchand95683 aKARBALA /cPremchand aNew Delhi:bVani Prakashan,c2020. a200p 2ddccBKh891.433iPRE/Kk891.433mPRE/K 00102ddc40708FICaMESbMEScHINd2023-12-18l0o891.433 PRE/Kp43108r2023-12-18 14:20:52v125.00w2023-12-18yBKzGR7R2 c43474d43474